Diccionari ortogràfic : precedit d'una exposició de l'ortografia catalana segons el sistema de l'I. d'E. C. / redactat sota la direcció de P. Fabra precedit d'una exposició de l'ortografia catalana segons el sistema de l'I. d'E. C. / redactat sota la direcció de P. Fabra
Descripción Física:
448 p. ; 24 cm
Materias:
Català -- Ortografia -- Diccionaris
MARC
| LEADER | 00000nam a2200000Ia 4500 | ||
|---|---|---|---|
| 001 | 16105 | ||
| 008 | 160829s1923 xx 000 0 cat d | ||
| 952 | |0 0 |1 0 |4 0 |6 O1129 |7 1 |9 48235 |a Arxiu |b Arxiu |d 2016-12-01 |l 0 |o O-1-129 |p 16105 |r 2016-12-01 00:00:00 |w 2016-12-01 |y ARXIU | ||
| 999 | |c 52041 |d 52041 | ||
| 080 | |a O-1-129 | ||
| 100 | 1 | |a Fabra, Pompeu, |d 1868-1948 |9 1034 | |
| 245 | |a Diccionari ortogràfic : |b precedit d'una exposició de l'ortografia catalana segons el sistema de l'I. d'E. C. / redactat sota la direcció de P. Fabra | ||
| 250 | |a 2a ed. | ||
| 260 | |a Barcelona : |b Institut d'Estudis Catalans, |c 1923 | ||
| 300 | |a 448 p. ; |c 24 cm | ||
| 650 | |a Català |x Ortografia |x Diccionaris |9 38068 | ||
| 901 | |a Arxiu | ||
| 942 | |n 1 |2 udc | ||